000 00265nam a22001217a 4500
003 SGT
082 _a320
_bI07T
100 _aTHAROOR, SHASHI
245 _aINDIA:FROM MIDNIGHT TO THE MILLENIUM
260 _bPENGUIN BOOKS
_c2007
300 _a389
942 _2ddc
_cBK
999 _c31933
_d31933